Slovak tax legislation general description of the Slovak tax system
Guardado en:
| Autor principal: | |
|---|---|
| Formato: | Libro |
| Lenguaje: | inglés |
| Publicado: |
[Bratislava]
2007
|
| Materias: | |
| Etiquetas: |
Sin Etiquetas, Sea el primero en etiquetar este registro!
|
MARC
| LEADER | 00000nam$a2200000$$$4500 | ||
|---|---|---|---|
| 001 | 0067431 | ||
| 005 | 20240718083853.4 | ||
| 041 | 0 | |a eng | |
| 044 | |a SK | ||
| 245 | 1 | 0 | |a Slovak tax legislation |b general description of the Slovak tax system |c Ján Solík |
| 264 | 1 | |a [Bratislava] |c 2007 | |
| 300 | |a nestr. | ||
| 610 | 2 | 0 | |a právo daňové |
| 610 | 2 | 0 | |a systémy daňové |
| 610 | 2 | 0 | |a legislatíva |
| 610 | 2 | 0 | |a Slovensko |
| 100 | 1 | |a Solík, Ján | |